000 00407nam a2200169Ia 4500
001 5012
003 IN-NITTTR
005 20251114233005.0
008 251113s9999||||xx |||||||||||||| ||eng||
040 _beng
040 _cIN-NITTTR
041 _aeng
082 _a621.388 G46F
100 _aGlasford, Glenn M.
245 0 _aFundamentals of television engineering. /
_cGlasford, Glenn M.
942 _2ddc
_cBK
999 _c7648
_d7648